Essentials of international relations /
Approaches to international relations. The historical context of contemporary international relations. Contending perspectives. The international system. The State. The individual. War and strife...
Αποθηκεύτηκε σε:
| Κύριος συγγραφέας: | |
|---|---|
| Μορφή: | Βιβλίο |
| Γλώσσα: | English |
| Έκδοση: |
New York :
W. W. Norton,
1999.
|
| Θέματα: | |
| Ετικέτες: |
Προσθήκη ετικέτας
Δεν υπάρχουν, Καταχωρήστε ετικέτα πρώτοι!
|
| Thư viện lưu trữ: | Mạng thư viện Đại học Đà Nẵng |
|---|
| LEADER | 01066cam a2200337 i 4500 | ||
|---|---|---|---|
| 001 | 000048778 | ||
| 003 | 8503 | ||
| 005 | 20030321162012.0 | ||
| 008 | 010315|1999 vm 000 eng | ||
| 020 | |a 0393972879 | ||
| 040 | |a IRC |c IRC |d IRC | ||
| 041 | 0 | |a eng | |
| 082 | 1 | 4 | |a 327 |b MI-K |
| 100 | 1 | |a Mingst, Karen A. | |
| 245 | 0 | 0 | |a Essentials of international relations / |c Karen A. Mingst. |
| 260 | |a New York : |b W. W. Norton, |c 1999. | ||
| 300 | |a xx, 297 p. : |b ill. (some col.), col. maps ; |c 23.3cm. | ||
| 520 | 3 | |a Approaches to international relations. The historical context of contemporary international relations. Contending perspectives. The international system. The State. The individual. War and strife... | |
| 630 | 0 | 4 | |a International relations. |
| 630 | 0 | 4 | |a Diplomacy. |
| 650 | 0 | 4 | |a International relations. |
| OWN | |a DUT | ||
| 999 | |a From the UDN01 | ||
| TYP | |a Monograph | ||
| TYP | |a Printed language | ||
| 980 | |a Mạng thư viện Đại học Đà Nẵng | ||


